书目信息 |
| 题名: |
水写大楷描摹帖·永字八法
|
|
| 作者: | 丁永康 编著 | |
| 分册: | 颜真卿《多宝塔碑》 | |
| 出版信息: | 北京 北京体育大学出版社 2014.03 |
|
| 页数: | 41页 | |
| 开本: | 19×26cm | |
| 丛书名: | ||
| 单 册: | ||
| 中图分类: | J292.113.3 | |
| 科图分类: | ||
| 主题词: | 楷书 , 楷书--书法--基本知识--中国 , 书法 , 永字八法 , 永字八法--基本知识 | |
| 电子资源: | ||
| ISBN: | 978-7-5644-1561-7 | |
| 000 | 00873nam0 2200301 450 | |
| 001 | 0100140893 | |
| 005 | 20141020221812.0 | |
| 010 | @a978-7-5644-1561-7@dCNY15.00 | |
| 100 | @a20140818d2014 em y0chiy50 ea | |
| 101 | 0 | @achi |
| 101 | 11 | @achi |
| 102 | @aCN@b110000 | |
| 105 | @ay z 000yy | |
| 106 | @ar | |
| 200 | 1 | @a水写大楷描摹帖·永字八法@Ashui xie da kai miao mo tie yong zi ba fa@i颜真卿《多宝塔碑》@b专著@f丁永康编著@Fding yong kang bian zhu |
| 210 | @a北京@c北京体育大学出版社@d2014.03 | |
| 215 | @a41页@d19×26cm | |
| 540 | @a水写大楷描摹帖·永字八法 | |
| 606 | 0 | @a楷书 |
| 606 | 0 | @a楷书@x书法@x基本知识@y中国 |
| 606 | 0 | @a书法 |
| 606 | 0 | @a永字八法 |
| 606 | 0 | @a永字八法@x基本知识 |
| 690 | @aJ292.113.3@v5 | |
| 701 | 0 | @a丁永康@Ading yong kang@4编著 |
| 801 | @aCN | |
| 901 | @a001 | |
| 905 | @b1104454-6@dJ292.113.3@eD593@f3@a241430 | |
| 水写大楷描摹帖·永字八法.颜真卿《多宝塔碑》/丁永康编著.-北京:北京体育大学出版社,2014.03 |
| 41页;19×26cm |
| ISBN 978-7-5644-1561-7:CNY15.00 |
| ● |
| 相关链接 |
|
|
|
正题名:水写大楷描摹帖·永字八法
索取号:J292.113.3/D593
 
预约/预借
| 序号 | 登录号 | 条形码 | 馆藏地/架位号 | 状态 | 备注 |
| 1 | 1104454 | 211044546 | 社科库309/309社科库 79排3列5层/ [索取号:J292.113.3/D593] | 在馆 | |
| 2 | 1104455 | 211044555 | 社科库309/309社科库 79排3列5层/ [索取号:J292.113.3/D593] | 在馆 | |
| 3 | 1104456 | 211044564 | 社科库309/309社科库 79排3列5层/ [索取号:J292.113.3/D593] | 在馆 |